000 00925nam a2200289 i 4500
003 EG-GICUC
005 20260420074117.0
008 260420s1954 fre||||fr|||| 001 0 fre d
040 _aEG-GiCUC
_bfre
_cEG-GiCUC
_dEG-GiCUC
_eRda
041 _afre
082 0 4 _221
_a343
_bZL . L
092 0 4 _221
099 _aLaw 1 10 343 ZL . L 1010031 1954
100 1 _a Zlataric , Bogdan.
245 1 2 _aL'évolution des idées et de la pratique dans le domaine de l'exécution des sanctions criminollea /
_cBogdan Zlataric.
264 _c1954.
300 _a111 page :
_c 24 cm.
336 _2rda contenu
_a texte
337 _2rda medias
_aOrdinateur
338 _2 transporteur rda
_a Ressource en ligne
500 _aComprend un index.
650 1 4 _aSciences Criminelles.
_2qrmak
651 1 _2qrmak
856 4 0 _uhttps://fll.law.cu.edu.eg/fulltext/bks/B10-10031.pdf
905 _a168
_eEman
942 _2ddc
_cBK
_e21
_n0
999 _c72062
_d72062